|
|
|
|
| LEADER |
01129nam a2200313 a 4500 |
| 001 |
42391 |
| 003 |
BD-DhAAL |
| 005 |
20240310165149.0 |
| 008 |
240310t1995 maua 000 0 eng d |
| 010 |
|
|
|a 95005810
|
| 020 |
|
|
|a 0395694582
|
| 020 |
|
|
|a 9780395694589
|
| 040 |
|
|
|a DLC
|c DLC
|d DLC
|d BD-DhAAL
|
| 050 |
0 |
0 |
|a HQ798
|b .M438 1995
|
| 082 |
0 |
0 |
|a 305.235
|
| 100 |
1 |
|
|a McLoone, Margo.
|9 56115
|
| 245 |
1 |
4 |
|a The information please girls' almanac /
|c Margo McLoone and Alice Siegel.
|
| 264 |
|
|
|a Boston :
|b Houghton Mifflin,
|c c1995.
|
| 300 |
|
|
|a 240 pages :
|b illustrations ;
|c 21 cm.
|
| 541 |
|
|
|a Donation from the Asia Foundation
|e 42391
|
| 650 |
|
0 |
|a Teenage girls
|x Life skills guides.
|9 56116
|
| 650 |
|
0 |
|a Socialization.
|
| 650 |
|
0 |
|a Teenage girls
|x Psychology.
|9 4675
|
| 650 |
|
0 |
|a Adolescent psychology.
|
| 700 |
2 |
|
|a Siegel, Alice.
|9 56117
|
| 852 |
|
|
|a Ayesha Abed Library
|
| 942 |
|
|
|2 ddc
|c BK
|
| 999 |
|
|
|c 46449
|d 46449
|
| 952 |
|
|
|0 0
|1 0
|2 ddc
|4 0
|6 305_235000000000000_MCL
|7 0
|9 75237
|a SCL
|b SCL
|c GEN
|d 2024-03-10
|e Donation from the Asia Foundation
|g 1091.00
|l 0
|o 305.235 MCL
|p 3020042391
|r 2024-03-10
|t 1
|w 2024-03-10
|y BK
|x USD 9.95
|